| 000 | 00360nam a2200133Ia 4500 | ||
|---|---|---|---|
| 008 | 231017s9999 xx 000 0 und d | ||
| 082 | _a625.8519 | ||
| 082 | _bCUR | ||
| 245 | 2 | _aA Literature Review of Liquid Antistripping and Tests for Measuring Stripping | |
| 245 | 0 | _cChristine W.Curtis | |
| 260 | _bChristine W.Curtis | ||
| 300 | _c30cm | ||
| 942 | _cREP | ||
| 999 |
_c604560 _d604560 |
||